Concepción y comportamiento de las edificaciones / (Registro nro. 9798)
[ vista simple ]
| 000 -LEADER | |
|---|---|
| Campo de control de longitud fija | 01351nam a22002777a 4500 |
| 003 - IDENTIFICADOR DEL NÚMERO DE CONTROL | |
| Campo de control | PE SENCICO BE |
| 005 - FECHA Y HORA DE LA ÚLTIMA TRANSACCIÓN | |
| Campo de control | 20260302143632.0 |
| 008 - ELEMENTOS DE LONGITUD FIJA - INFORMACIÓN GENERAL | |
| Campo de control de longitud fija | 251219b |||||||| |||| 00| 0 eng d |
| 020 ## - ISBN | |
| ISBN | 958 967 098 9 |
| 040 ## - FUENTE DE CATALOGACIÓN | |
| Origen de catalogación | PE SENCICO BE |
| Agencia que realiza la transcripción | PE SENCICO BE |
| 082 ## - NÚMERO DE CLASIFICACIÓN DECIMAL DEWEY | |
| Código de Clasificación Dewey | 690.21 |
| Notación Interna | M94 |
| 100 1# - ASIENTO PRINCIPAL--NOMBRE PERSONAL | |
| Autor Personal | Muñoz Muñoz, Harold Alberto |
| 9 (RLIN) | 132 |
| Término relacionado | autor |
| 245 1# - MENCIÓN DEL TITULO | |
| Título | Concepción y comportamiento de las edificaciones / |
| Mención de responsabilidad | Harold Alberto Muñoz Muñoz |
| 250 ## - MENCIÓN DE EDICIÓN | |
| Edición | 1a ed. |
| 260 ## - PUBLICACIÓN, DISTRIBUCIÓN, ETC. (PIE DE IMPRENTA) | |
| Lugar de publicación, distribución, etc. | Bogotá : |
| Nombre de la Editorial, Distribuidor, etc. | Instituto del Concreto-Asocreto ; |
| Fecha de publicación, distribución, etc. | 2002 |
| 300 ## - DESCRIPCIÓN FÍSICA | |
| Paginación | 202 páginas : |
| Otros detalles físicos | ilustraciones, tablas, diagramas ; |
| Dimensión | 28 cm. x 21 cm. |
| 440 ## - MENCIÓN DE SERIE / TÍTULO DE COLECCIÓN | |
| Título de la colección o serie | Colección especializada del concreto |
| 504 ## - NOTA DE BIBLIOGRAFÍA, ETC. | |
| Bibliografía (rango de páginas) | Bibliografía: p. 201 |
| 505 0# - NOTA DE CONTENIDO CON FORMATO PREESTABLECIDOE | |
| Contenido o índice | Creación de las edificaciones -- Aspectos históricos -- Conceptos básicos -- Las cargas -- Nociones de ingeniería sísmica -- Los esfuerzos internos -- Los materiales -- Factores de seguridad -- Conceptos básicos de la mecánica estructural -- Los sistemas estructurales -- Metodología de análisis estructural -- Arquitectura sismo resistente -- Los códigos y normas -- Elementos no estructurales |
| 650 10 - ASIENTO SECUNDARIO DE MATERIA - TERMINO TEMÁTICO | |
| Término de tema o elemento de entrada de nombre geográfico | Construcciones antisísmicas |
| 9 (RLIN) | 517 |
| 650 20 - ASIENTO SECUNDARIO DE MATERIA - TERMINO TEMÁTICO | |
| Término de tema o elemento de entrada de nombre geográfico | Diseño de estructuras |
| 9 (RLIN) | 344 |
| 650 20 - ASIENTO SECUNDARIO DE MATERIA - TERMINO TEMÁTICO | |
| Término de tema o elemento de entrada de nombre geográfico | Edificaciones |
| 9 (RLIN) | 333 |
| 710 1# - ASIENTO SECUNDARIO--NOMBRE CORPORATIVO | |
| Nombre corporativo o de jurisdicción como elemento de entrada | Instituto del Concreto-Asocreto |
| 9 (RLIN) | 131 |
| 910 ## - RESPONSABLE DEL REGISTRO | |
| Coordinador de procesamiento de la información | hfp |
| 942 ## - ELEMENTOS DE KOHA | |
| Fuente de clasificación o esquema de estanterías | Dewey Decimal Classification |
| Tipo de documento | Libros |
| 999 ## - | |
| -- | 9798 |
| -- | 9798 |
| Estado Retiro | Estado Perdido | Sistema de Clasificación o Esquema de Estantería | Estado Dañado | No es para préstamo | Ubicación Permanente | Ubicación Actual | Fecha de adquisición | Total Checkouts | Signatura topográfica completa | Código de Barras | Date last seen | Precio efectivo desde | Tipo de ítem |
|---|---|---|---|---|---|---|---|---|---|---|---|---|---|
| Dewey Decimal Classification | Biblioteca Trujillo | Biblioteca Trujillo | 19/12/2025 | 690.21/M94 | BibZtruj25122573 | 19/12/2025 | 19/12/2025 | Libros | |||||
| Dewey Decimal Classification | Biblioteca Trujillo | Biblioteca Trujillo | 19/12/2025 | 690.21/M94/ej. 2 | BibZtruj25122574 | 19/12/2025 | 19/12/2025 | Libros |